| 000 | 00762nam a2200229Ia 4500 | ||
|---|---|---|---|
| 003 | GCL | ||
| 008 | 140319s9999 xx 000 0 ara d | ||
| 040 |
_aGCL / _cGCL |
||
| 082 | 0 | 4 |
_a338.9 _bم ت |
| 100 | 1 | _aمحمد على الليثى | |
| 245 | 1 | 0 |
_aالتنمية الاقتصادية / _cمحمد على الليثى |
| 260 |
_a[S.N] : _bدار الجامعات المصرية ، _c1977 |
||
| 300 | _a145 ص | ||
| 490 |
_aالموسوعة الاقتصادية _v0 |
||
| 650 | 0 | 4 | _aالاقتصاد |
| 650 | 0 | 4 | _aالتخطيط الاقتصادى |
| 650 | 0 | 4 | _aالاحوال الاقتصادية |
| 650 | 0 | 4 | _aالتنمية الاقتصادية |
| 650 | 0 | 4 | _aالاجتماع |
| 650 | 0 | 4 | _aالاجتماع الاقتصادى |
| 942 |
_2ddc _cBK |
||
| 999 |
_c58701 _d58701 |
||